[Event "Stay Safe Play From Home 317"]
[Site "Emanuel Lasker Arena"]
[Date "2020.07.20"]
[Round "4"]
[White "AChessPlayer"]
[Black "Mepe_Nika"]
[Result "0-1"]
[WhiteElo "2418"]
[BlackElo "2370"]
[Annotator "TA"]
[PlyCount "168"]
[EventDate "2020.07.20"]
[EventType "swiss (blitz)"]

{[%evp 19,168,4,18,-23,23,0,81,80,80,86,78,82,81,81,86,81,112,92,105,53,122,93,102,85,189,78,208,210,253,242,253,251,239,227,208,76,106,67,191,79,98,27,128,39,171,171,171,152,330,147,158,163,160,144,111,89,401,0,0,0,0,-7,0,-50,26,-23,-20,-20,-19,-74,-83,-210,-53,-29994,-29995,-29995,-1019,-29990,-12,-10,-8,-93,-93,-259,-244,-259,-93,-127,-142,-101,-101,-244,-244,-396,-244,-450,-101,-391,-13,-101,-93,-93,-93,-93,-59,-101,-101,-219,0,0,0,0,0,0,0,0,0,0,0,0,0,-13,0,0,0,0,0,0,0,0,0,0,0,0,0,0,0,0,0,0,0,0,0,0,0,0,0,0,0,0,29992]} 1. e3 d5 2. Nf3 c6 3. d4 Nf6 4. c4 e6 5. Nc3 Nbd7 6. Be2 dxc4 7. Bxc4 b5 8. Be2 Bd6 9. O-O O-O 10. Qc2 Bb7 11. Ne4 {[#] D46: Semi-Slav: 5 e3 Nbd7 6 Bd3, Black avoids the Meran.} Be7 $146 ({Predecessor:} 11... Nxe4 12. Qxe4 Qe7 13. Bd2 Rab8 14. Qh4 Qxh4 15. Nxh4 b4 16. Rac1 Rfd8 17. Nf3 c5 18. dxc5 Nxc5 19. Be1 Bd5 20. b3 a5 21. Bc4 Bxc4 {½-½ (21) Vidarte Morales,A (2423)-Moskalenko,V (2538) Roquetas de Mar 2010}) 12. Rd1 Rc8 (12... Nxe4 $11 13. Qxe4 Qb6) 13. Nc5 $1 $16 {[%cal Rc5b7] White is better.} Nxc5 14. dxc5 Qc7 15. b4 a5 16. a3 Ra8 {Black wants to play ...axb4.} 17. Bb2 Nd5 18. Be5 Qc8 19. Qb2 (19. e4 $16 Nf6 20. Bd6) 19... Bf6 (19... f6 $14 20. Bg3 f5) 20. Bxf6 Nxf6 21. Ne5 Rd8 (21... axb4 $16 22. axb4 Rxa1 23. Rxa1 (23. Qxa1 Nd5 $14) 23... Rd8) 22. Bf3 (22. Rxd8+ $18 Qxd8 23. Rd1) 22... Rxd1+ (22... axb4 $16 23. axb4 Rxa1 24. Rxa1 Qc7) 23. Rxd1 $18 Nd5 24. e4 Nf6 25. h3 axb4 26. axb4 Qc7 27. Nd3 (27. Rd6 $18) 27... Bc8 28. Ne1 Nd7 {[#]} (28... Bb7 $14) 29. Bg4 (29. e5 $1 $18 {[%mdl 512] is more deadly.}) 29... h6 30. Nc2 (30. Qd4 $16) 30... Ra4 (30... Nf6 $11) 31. Ne3 (31. Rd6 $16) 31... Kh7 ({Better is} 31... Nf6 $1 $14) 32. Rd6 Nf6 33. Bd1 {And now e5 would win.} Ne8 $2 (33... Ra8 $16 34. Ng4 Ne8) 34. Rd2 (34. Bxa4 $18 {and the rest is easy.} bxa4 35. Rd2) 34... Ra7 35. e5 Qe7 36. Bc2+ Kg8 37. Qc3 Nc7 $2 {[%mdl 8192]} (37... Rd7 $16 {is a better chance.}) 38. f4 $2 (38. Qd3 $18 {Threatening mate with Qh7+.} g6 39. Qd8+ Qf8 40. Qxf8+ Kxf8 41. Rd8+ {[%mdl 64] Double Attack} Kg7 42. Rxc8) 38... Nd5 $11 39. Nxd5 (39. Qd3 {keeps more tension.} g6 40. Kh2 h5 41. Qd4 Ra2 42. Kg3) 39... exd5 40. Kh2 (40. Rf2 {with more complications.} Qh4 41. f5 Re7 42. f6 Ra7 43. e6) 40... g6 41. Qd4 Bf5 (41... Qh4 $15) 42. Rf2 Qe6 43. Bxf5 Qxf5 {[%mdl 4096] Endgame KQR-KQR} 44. g4 {[#]} (44. e6 $11) 44... Qb1 $1 $17 45. Rg2 (45. Qb2 $17 Ra1 46. Qxb1 Rxb1 47. f5) 45... Ra1 $2 ({Black should play} 45... Ra4 $19 46. f5 Rxb4) 46. f5 $2 {[%mdl 8192]} (46. Qg1 $15) 46... Qh1+ 47. Kg3 Qe1+ (47... Ra3+ $142 48. Kf2 Ra2+ 49. Qd2 Rxd2+ 50. Ke3 Qxg2 51. fxg6 Qf2#) 48. Qf2 g5 $2 (48... Qxe5+ {mates} 49. Kh4 Ra3 50. g5 f6 51. Rg4 fxg5+ 52. Rxg5 hxg5+ 53. Kxg5 Rg3+ 54. Kh4 g5+ 55. Kh5 Qh8+ 56. Kg6 Qg7+ 57. Kh5 Qh7#) 49. Qxe1 $11 Rxe1 {KR-KR} 50. Rd2 (50. Ra2 $1 $11) 50... Rxe5 51. Kf3 $2 (51. Ra2 $17 {keeps fighting.}) 51... Re4 $19 52. Ra2 Rc4 $2 (52... Rxb4 $19 {has better winning chances.} 53. Ra6 Rb3+ 54. Kg2 Rc3 55. Rxc6 Kg7) 53. Ra8+ Kg7 54. Rc8 Rxb4 55. Rxc6 (55. Ke3 $17) 55... Rb3+ 56. Ke2 $2 (56. Kg2) 56... b4 57. Kd2 $2 (57. Rb6 {was called for.}) 57... Rc3 $2 (57... Rxh3 $19 {and Black stays clearly on top. White must now prevent ...Rh4.} 58. Rb6 Rc3 59. Rxb4 Rxc5) 58. Rd6 $2 {[%mdl 8192]} (58. Rb6 $17 {was the only defense.}) 58... Rc4 $2 (58... Rxc5 $19 {aiming for ...Rc3.} 59. Ke3 Rc3+ 60. Kf2 Rd3) 59. Rb6 (59. Rxd5 $11 {remains equal.} h5 60. gxh5) 59... b3 60. Rxb3 {Threatens to win with Rc3.} Rxc5 61. Rd3 Rc4 62. Ke3 Re4+ 63. Kd2 (63. Kf3 $17) 63... Re7 $2 (63... d4 $19 64. Rg3 Rf4) 64. Rxd5 $11 {The position is equal.} f6 65. Rd6 Rf7 66. Rc6 h5 67. Rd6 Kh6 68. gxh5 Kxh5 69. Ke3 Kh4 70. Kf2 Re7 71. Kg2 Rf7 72. Re6 g4 73. Re4 Kg5 74. Rxg4+ Kxf5 75. Rg8 Ke6 76. Rg3 Kf5 77. Re3 Kg6 78. Kf2 Kh6 79. Rg3 Rg7 80. Rf3 Rg6 81. Rf4 Rg5 82. Kf3 Kg6 83. h4 Rf5 84. Kg4 Rg5+ $2 {[%mdl 40960] A wild game. Accuracy: White = 45%, Black = 48%. . Loss on time!?} (84... Rxf4+ $11 85. Kxf4 Kh7) 0-1

[Event "Stay Safe Play From Home 317"]
[Site "Emanuel Lasker Arena"]
[Date "2020.07.20"]
[Round "4"]
[White "Mr bh6"]
[Black "Haxhi Baha"]
[Result "1-0"]
[WhiteElo "2357"]
[BlackElo "2059"]
[Annotator "TA"]
[PlyCount "87"]
[EventDate "2020.07.20"]
[EventType "swiss (blitz)"]

{[%evp 9,87,-3,64,-147,-149,-202,-193,-195,-184,-240,-233,-266,-244,-262,-257,-281,-231,-234,-231,-237,-235,-247,-243,-227,-170,-175,-167,-153,-167,-165,211,209,208,204,281,272,281,279,347,343,351,328,350,349,360,348,348,343,392,0,1892,2120,1885,1935,2146,1759,2461,2216,29981,29982,29991,29988,29992,29985,29994,29990,29990,29989,29989,29987,29986,29986,29987,29987,29990,29985,29989,29990,29994,29995]} 1. c4 d6 2. Nf3 e5 3. g3 Nc6 4. Bg2 f5 5. O-O {[#]} e4 $146 ({Black should play} 5... g5 $11) ({Predecessor:} 5... Nf6 6. Nc3 Be7 7. Rb1 a5 8. a3 O-O 9. d3 Qe8 10. b4 {½-½ (10) Kochyev,A (2430)-Puranen,J (2300) Tampere 1996}) 6. d4 $2 {A20: English Opening: 1...e5.} (6. Ne1 $1 $14) 6... exf3 $17 7. Bxf3 (7. exf3 $17 Be7 8. d5) 7... Nf6 8. Nc3 {Black is clearly better.} Bd7 9. d5 (9. e4 $142) 9... Ne5 $19 10. Bg2 Be7 11. Qd4 O-O 12. Bf4 c5 13. dxc6 Bxc6 ({Don't play} 13... bxc6 14. c5 $17) 14. Bxe5 dxe5 15. Qxe5 Bxg2 16. Kxg2 Qd6 17. Qxf5 Qc6+ 18. Qf3 Qxc4 19. Qxb7 Rab8 $4 {[%mdl 8192]} (19... Qe6 $19 {and all is fine. ...Rab8 is the strong threat.} 20. Qb3 Qxb3 21. axb3 Rfb8) 20. Qxe7 $18 {White now steadily converts the win.} Rxb2 21. Rac1 Re8 22. Qxa7 Qc6+ 23. Kg1 Ne4 24. Nxe4 Qxe4 25. Rc7 Qe5 26. e3 Rf8 27. Rb7 Rc2 28. Re7 Qb2 29. Rb7 $2 (29. e4 $18) 29... Rcxf2 $2 {[%mdl 8192]} (29... Qe5 $11 30. a4 Qf6) 30. Rxb2 Rxf1+ 31. Kg2 R1f7 32. Qd4 h6 33. a4 {[%cal Ba2a4,Ba4a5,Ba5a6][%mdl 32]} Rc7 34. a5 {White mates.} Rff7 35. a6 Ra7 36. Rb6 Kh8 37. Rxh6+ Kg8 38. Qd8+ Rf8 {[#]} 39. Rh8+ $3 {[%mdl 64] Deflection, Decoy} Kxh8 40. Qxf8+ Kh7 41. Qf5+ Kh8 42. Qc8+ Kh7 {[#]} 43. Qb7 $1 Kg6 (43... Rxb7 44. axb7) 44. Qxa7 {Accuracy: White = 66%, Black = 54%.} 1-0

[Event "Stay Safe Play From Home 317"]
[Site "Emanuel Lasker Arena"]
[Date "2020.07.20"]
[Round "4"]
[White "Little champs"]
[Black "Bardellosport"]
[Result "1-0"]
[WhiteElo "2330"]
[BlackElo "2079"]
[Annotator "TA"]
[PlyCount "73"]
[EventDate "2020.07.20"]
[EventType "swiss (blitz)"]

{[%evp 9,73,0,0,0,-3,-11,-14,-31,0,0,47,43,58,0,0,-32,-33,-52,27,-41,-35,-106,-12,-45,29,-42,368,366,368,377,366,12,507,504,603,383,484,435,439,429,422,412,375,304,426,373,518,506,502,488,481,468,780,764,921,914,907,907,896,882,1322,1341,29981,29982,29983,29984]} 1. d4 d5 2. e3 c6 3. Nf3 e6 4. c4 f5 5. cxd5 exd5 6. Nc3 {A84: Dutch Defence: 2 c4 Miscellaneous.} Nf6 7. Be2 Bd6 8. O-O {The position is equal.} O-O 9. Ne5 Bxe5 10. dxe5 Ne4 {[#]} 11. Nxe4 $146 (11. f3 $14 Nxc3 12. bxc3) ({Predecessor:} 11. f3 Ng5 12. h4 Nf7 13. f4 Qxh4 14. Rf3 Qe7 15. b3 Be6 16. a4 a5 17. Ba3 {1-0 (51) Levin,E (1707)-Hlinschi,M (1425) Bucharest 2019}) 11... fxe4 $11 12. f4 exf3 $1 13. Bxf3 Qe7 ({Black should try} 13... Be6 $15) 14. Qd4 (14. e4 $11) 14... Nd7 $15 15. e4 (15. Bd2 $15 Qxe5 16. h3) 15... dxe4 ({Much worse is} 15... Qxe5 $6 16. Be3 $11) (15... Nxe5 $17 16. Bd2 Nxf3+ 17. Rxf3 Rxf3 18. gxf3 Be6) 16. Bxe4 (16. Qc4+ {looks sharper.} Kh8 17. Qxe4 Qxe5 18. Re1 Re8 19. Bg5) 16... Qxe5 (16... Rxf1+ $15 17. Kxf1 Qxe5 18. Qxe5 Nxe5) 17. Qxe5 ({White should play} 17. Rxf8+ $1 $11 Kxf8 18. Qxe5 Nxe5 19. Bf4 (19. Bxh7 Ng4 $14)) 17... Nxe5 $4 {[%mdl 8192] [#] Black is now going downhill.} (17... Rxf1+ $15 18. Kxf1 Nxe5) 18. Bxh7+ $1 $18 {[%mdl 576] Deflection} Kxh7 19. Rxf8 b6 20. Bf4 $2 ({Better is} 20. Bd2 $18) 20... Nd7 $2 {[%mdl 8192]} (20... Ng6 $11 21. Rxc8 (21. Rf7 Be6 $17) 21... Rxc8) 21. Rd8 Nc5 {intending ...Ne6.} 22. Rad1 Bb7 23. Rxa8 Bxa8 {[%mdl 4096] Endgame KRB-KBN} 24. Rd8 Bb7 25. Rb8 Ba6 26. Be5 Ne6 (26... Bc4 {keeps fighting.} 27. Ra8 Nd3) 27. Ra8 c5 28. Rxa7 Bc4 29. b3 Bd5 30. Ra6 Ng5 (30... c4 $142 31. Rxb6 cxb3 32. axb3 Kg6) 31. Rxb6 Ne4 32. a4 {[%cal Ba2a4,Ba4a5,Ba5a6,Ba6a7][%mdl 32]} Nd2 33. a5 Nxb3 34. a6 c4 35. a7 Nd2 {[#]} 36. Rd6 $1 Be4 37. Rxd2 {Accuracy: White = 50%, Black = 28%.} 1-0

[Event "Stay Safe Play From Home 317"]
[Site "Emanuel Lasker Arena"]
[Date "2020.07.20"]
[Round "4"]
[White "N_KRISHNA TEJA"]
[Black "SoulofWolf"]
[Result "1-0"]
[WhiteElo "2242"]
[BlackElo "2169"]
[Annotator "TA"]
[PlyCount "91"]
[EventDate "2020.07.20"]
[EventType "swiss (blitz)"]

{[%evp 16,90,16,15,61,61,86,83,87,88,79,85,83,68,106,105,116,94,94,102,106,99,98,91,113,71,120,131,128,31,50,20,420,412,455,433,418,382,382,344,360,16,11,-161,784,426,29973,6560,6281,1956,1821,1679,2659,1569,12823,1526,29977,1144,1402,1399,5001,4857,29988,29989,29993,29994,29997,29998,29999,29997,29997,29998,29998,29998,29998,29999,29999]} 1. Nf3 e6 2. g3 d5 3. Bg2 Nf6 4. O-O Be7 5. b3 O-O 6. Bb2 c5 7. c4 Nc6 8. cxd5 Nxd5 9. d4 Bf6 {A14: English Opening: 1...e6 with b3 by White.} 10. e4 Nc7 {[%cal Rc5d4]} 11. e5 Be7 {White is better.} 12. dxc5 Qxd1 13. Rxd1 Bxc5 14. Nc3 {[%cal Bb1c3,Bc3e4,Be4d6][%mdl 32] [#]} a6 $146 ({Predecessor:} 14... Nb4 15. Ne1 a5 16. Rac1 Be7 17. Na4 Nbd5 18. Bd4 Bd7 19. Nb6 Rad8 20. Nxd5 Nxd5 21. Bxd5 exd5 {1-0 (44) Sun,C (2046)-Chen,K (2021) Xingtai 2018}) 15. Ne4 Bb6 16. Nd6 Nd5 17. Rac1 Rd8 18. Nd2 h6 19. N2c4 Bc7 20. a4 Kf8 21. Ba3 $36 {[%mdl 2048] White is in control.} Kg8 22. Bxd5 (22. f4 $16) 22... exd5 $14 23. Rxd5 (23. Ne3 {is interesting.} d4 24. Nd5 Bxd6 25. Bxd6 f6 26. f4) 23... Nxe5 $2 {[%mdl 8192]} (23... Be6 $11 {and Black is okay.} 24. Rdd1 Rd7) 24. Rxe5 $18 ({Don't take} 24. Nxe5 Be6 $18) 24... Bxd6 25. Nxd6 Be6 26. Rc7 b5 27. Kg2 Rab8 {intending ...b4.} 28. a5 $2 (28. axb5 $18 axb5 29. Bb4) 28... b4 $11 29. Bb2 $2 (29. Nxf7 $11 {and White has nothing to worry.} Bxf7 30. Bc1) 29... Kf8 $4 {[%mdl 8192]} (29... Rxd6 $19 30. Re3 Rb5) 30. Ne4 {[#] And now Rxe6! would win.} Rd4 (30... Bxb3 $18 31. Nc5 {[%mdl 64] Double Attack} Bd5+ 32. Kh3 Rb5 33. Nxa6 Be6+ 34. Rxe6 fxe6) 31. Bxd4 Re8 32. Bc5+ Kg8 33. Nd6 Rd8 34. Nb7 Rb8 35. Bd6 Ra8 {[#]} 36. Rec5 (36. Rxe6 $142 $1 fxe6 37. Bxb4 Rb8 38. Bc3 Re8 39. Nc5 e5 40. Nxa6 h5 41. Nc5) 36... Kh7 37. f3 Ra7 38. Nd8 Ra8 39. Nxe6 {White mates.} fxe6 40. Be5 Kg6 41. Rxg7+ Kf5 42. Bb2+ e5 43. Rxe5+ Kf6 44. Ree7+ Kf5 45. g4+ Kf4 46. Bc1# {Accuracy: White = 50%, Black = 48%.} 1-0

[Event "Stay Safe Play From Home 317"]
[Site "Emanuel Lasker Arena"]
[Date "2020.07.20"]
[Round "4"]
[White "Greblha"]
[Black "TheCHESSHOUSE"]
[Result "0-1"]
[WhiteElo "1912"]
[BlackElo "2065"]
[Annotator "TA"]
[PlyCount "90"]
[EventDate "2020.07.20"]
[EventType "swiss (blitz)"]

{[%evp 12,90,41,34,60,0,44,45,40,47,54,38,64,85,134,81,143,106,165,109,156,54,63,68,60,51,79,9,0,0,95,110,288,-502,-498,-531,-518,-575,-567,-558,-546,-647,-646,-643,-626,-642,-650,-691,-646,-731,-727,-761,-768,-1130,-1109,-999,-909,-1252,-955,-1427,-1402,-1366,-1348,-29989,-29990,-29990,-29991,-29995,-29994,-29994,-29994,-29997,-29994,-29998,-29991,-29998,-29996,-29997,-29996,-29997,-29997]} 1. e4 g6 2. d4 Bg7 3. Nc3 d6 4. Be3 a6 5. f3 Nd7 6. Qd2 b5 7. Nge2 Bb7 {B06: Modern Defence.} 8. Ng3 (8. d5 $14) 8... Nb6 9. Be2 {[#]} Nf6 $146 {White is slightly better.} ({Predecessor:} 9... Qb8 10. Nd1 h5 11. h4 c5 12. f4 Nf6 13. Nf2 Nfd7 14. c3 Qc7 15. f5 O-O-O 16. fxg6 fxg6 {½-½ (40) Pham Thi Ngoc,T (2068)-Lim,T Kuala Lumpur 2006}) 10. Bh6 Bxh6 11. Qxh6 Qd7 12. O-O O-O-O 13. d5 (13. a4 $142) 13... Kb8 ({Black should play} 13... b4) 14. a4 $16 b4 {[#]} (14... bxa4 $16 {might work better.} 15. Rfb1 e6) 15. Nd1 (15. Na2 $1 $18) 15... a5 16. Bd3 (16. c3 $16) 16... c6 $14 17. dxc6 Bxc6 18. Qe3 Qb7 19. Qe2 ({Better is} 19. Ne2 $16) 19... Nxa4 20. b3 Nb6 (20... Qa7+ $11 {remains equal.} 21. Qf2 Nc5) 21. Rxa5 $16 Nc8 $2 (21... Nc4 $16 {was worth a try.} 22. Ra2 Ne5) 22. Ba6 $4 {[%mdl 8192]} (22. Ne3 $18 {and life is good for White.}) 22... Qb6+ $19 {[%mdl 64] [#] Double Attack} 23. Kh1 Qxa5 24. Ne3 Nb6 25. Bd3 Nfd7 26. Nc4 Nxc4 27. Bxc4 e6 28. Qd2 Ne5 29. Be2 d5 30. exd5 Rxd5 31. Qf4 Rhd8 32. Bc4 Rd4 33. Qf6 Kb7 34. h4 R8d7 35. h5 Nxc4 36. bxc4 gxh5 37. Nxh5 Qxh5+ {Black mates.} 38. Kg1 Rh4 39. Qb2 Rh1+ 40. Kf2 Qc5+ 41. Kg3 Rxf1 42. c3 Qf2+ 43. Kh3 Qxb2 44. Kg4 bxc3 {[%cal Bb4c3,Bc3c2][%mdl 32]} 45. c5 c2 {Accuracy: White = 40%, Black = 39%.} 0-1

[Event "Stay Safe Play From Home 317"]
[Site "Emanuel Lasker Arena"]
[Date "2020.07.20"]
[Round "4"]
[White "Edmatuag"]
[Black "Haris kollari 13"]
[Result "0-1"]
[WhiteElo "1671"]
[BlackElo "1711"]
[Annotator "NA RC"]
[PlyCount "60"]
[EventDate "2020.07.20"]
[EventType "swiss (blitz)"]

1. e4 {[%emt 0:00:02]} e6 {[%emt 0:00:00]} 2. d4 {[%emt 0:00:02]} d5 {[%emt 0:00:00]} 3. Nc3 {[%emt 0:00:01]} Nf6 {[%emt 0:00:01]} 4. e5 {[%emt 0:00:01]} Nfd7 {[%emt 0:00:01]} 5. f4 {[%emt 0:00:00]} c5 {[%emt 0:00:01]} 6. Nf3 {[%emt 0:00:00]} Nc6 {[%emt 0:00:01]} 7. Be3 {[%emt 0:00:01]} a6 {[%emt 0:00:01]} 8. Qd2 {[%emt 0:00:02]} c4 {[%emt 0:00:01]} 9. Nd1 {[%emt 0:00:02]} b5 {[%emt 0:00:01]} 10. c3 {[%emt 0:00:01]} Be7 {[%emt 0:00:01]} 11. Nf2 {[%emt 0:00:02]} Nb6 {[%emt 0:00:01]} 12. g4 {[%emt 0:00:02]} Bd7 {[%emt 0:00:01]} 13. Bh3 {[%emt 0:00:02]} h5 {[%emt 0:00:01]} 14. O-O {[%emt 0:00:08]} hxg4 {[%emt 0:00:01]} 15. Bxg4 {[%emt 0:00:02]} Bh4 {[%emt 0:00:02]} 16. f5 {[%emt 0:00:07]} Bxf2+ {[%emt 0:00:02]} 17. Kxf2 {[%emt 0:00:02]} exf5 {[%emt 0:00:01]} 18. Bg5 {[%emt 0:00:05]} f6 {[%emt 0:00:03]} 19. exf6 {[%emt 0:00:02]} gxf6 {[%emt 0:00:01]} 20. Rfe1+ {[%emt 0:00:08]} Kf7 {[%emt 0:00:01]} 21. Ne5+ {[%emt 0:00:02]} Nxe5 {[%emt 0:00:04]} 22. dxe5 {[%emt 0:00:01]} Rxh2+ {[%emt 0:00:02]} 23. Kg3 {[%emt 0:00:02]} Rxd2 {[%emt 0:00:01]} 24. e6+ {[%emt 0:00:00]} Bxe6 {[%emt 0:00:01]} 25. Bxd2 {[%emt 0:00:00]} fxg4 {[%emt 0:00:02]} 26. Rxe6 {[%emt 0:00:00]} Kxe6 {[%emt 0:00:02]} 27. Re1+ {[%emt 0:00:00]} Kf7 {[%emt 0:00:00]} 28. Bf4 {[%emt 0:00:00]} Qh8 {[%emt 0:00:02]} 29. Bc7 {[%emt 0:00:00]} Qh3+ {[%emt 0:00:01]} 30. Kf4 {[%emt 0:00:01]} Nd7 {[%emt 0:00:01] Time (Lag: Av=0.66s, max=1.0s)} 0-1

[Event "Stay Safe Play From Home 317"]
[Site "Emanuel Lasker Arena"]
[Date "2020.07.20"]
[Round "4"]
[White "UHU4"]
[Black "Declan 1234"]
[Result "0-1"]
[WhiteElo "1447"]
[BlackElo "1258"]
[Annotator "NA RC"]
[PlyCount "46"]
[EventDate "2020.07.20"]
[EventType "swiss (blitz)"]

{Manoc a, Calota} 1. e4 {[%emt 0:00:02]} d6 {[%emt 0:00:01]} 2. d4 {[%emt 0:00:02]} Nf6 {[%emt 0:00:01]} 3. Nc3 {[%emt 0:00:04]} g6 {[%emt 0:00:00]} 4. Bd3 {[%emt 0:00:01]} Bg7 {[%emt 0:00:01]} 5. Bg5 {[%emt 0:00:02]} O-O {[%emt 0:00:00]} 6. Qd2 {[%emt 0:00:01]} Nbd7 {[%emt 0:00:03]} 7. Bh6 {[%emt 0:00:01]} Re8 {[%emt 0:00:02]} 8. Bxg7 {[%emt 0:00:01]} Kxg7 {[%emt 0:00:00]} 9. h3 {[%emt 0:00:03]} e5 {[%emt 0:00:01]} 10. Nf3 {[%emt 0:00:04]} exd4 {[%emt 0:00:05]} 11. Nxd4 {[%emt 0:00:01]} Nc5 {[%emt 0:00:01]} 12. O-O-O {[%emt 0:00:02]} Nxd3+ {[%emt 0:00:01]} 13. cxd3 {[%emt 0:00:02]} c5 {[%emt 0:00:07]} 14. Nb3 {[%emt 0:00:06]} a6 {[%emt 0:00:02]} 15. f4 {[%emt 0:00:04]} b5 {[%emt 0:00:02]} 16. e5 {[%emt 0:00:02]} dxe5 {[%emt 0:00:01]} 17. fxe5 {[%emt 0:00:02]} Rxe5 {[%emt 0:00:01]} 18. Rhe1 {[%emt 0:00:02]} Rxe1 {[%emt 0:00:07]} 19. Rxe1 {[%emt 0:00:01]} Bf5 {[%emt 0:00:01]} 20. Nxc5 {[%emt 0:00:02]} Rc8 {[%emt 0:00:04]} 21. b4 {[%emt 0:00:01]} a5 {[%emt 0:00:05]} 22. a3 {[%emt 0:00:02]} axb4 {[%emt 0:00:02]} 23. axb4 {[%emt 0:00:01]} Qd4 {[%emt 0:00:02] Tiempo (Lag: Av=1.00s, max=1.3s)} 0-1

[Event "Stay Safe Play From Home 317"]
[Site "Emanuel Lasker Arena"]
[Date "2020.07.20"]
[Round "5"]
[White "AChessPlayer"]
[Black "Mr bh6"]
[Result "1/2-1/2"]
[WhiteElo "2399"]
[BlackElo "2362"]
[Annotator "TA"]
[PlyCount "134"]
[EventDate "2020.07.20"]
[EventType "swiss (blitz)"]

{[%evp 9,134,0,0,5,4,0,0,-17,8,14,26,28,40,40,37,18,57,53,52,18,29,16,83,83,96,91,95,58,76,-77,-84,-77,-81,-120,-126,-131,-88,-81,-79,-89,-87,-88,-60,-62,-52,-58,-44,-45,-42,-56,-38,-50,-47,-56,-33,-23,-27,-27,-30,-20,-6,-387,32,-8,0,0,0,0,0,0,0,0,0,0,0,0,0,0,0,0,0,0,0,0,0,0,0,0,0,0,0,0,0,0,0,0,0,0,0,0,0,0,0,0,0,0,0,-29983,0,0,0,0,0,0,0,0,0,0,0,0,0,0,0,0,0,0,0]} 1. Nf3 e6 2. e3 c5 3. d4 b6 4. dxc5 Bxc5 5. c4 Bb7 6. Nc3 {A43: Schmid Benoni.} Nf6 7. Be2 O-O 8. O-O a6 9. b3 {[%cal Bb2b3,Bb3b4][%mdl 32]} Nc6 10. Bb2 Qc7 {[#]} 11. Rc1 $146 ({Predecessor:} 11. Qc1 Rfd8 12. Rd1 Rac8 13. Ba3 Ne5 14. Nxe5 Qxe5 15. Bxc5 bxc5 16. Qd2 Qg5 17. g3 {1-0 (52) Owosina,T (2205)-Tayeb,S Manila 1992}) 11... Rac8 12. a3 Qb8 13. b4 Be7 14. Qb3 Rfd8 15. Rfd1 Qa8 (15... d6 $11) 16. Na4 $16 Qa7 17. c5 bxc5 18. bxc5 Na5 19. Qa2 $2 (19. Qb4 $16 {keeps the pressure on.} Nc6 20. Qf4) 19... Bd5 $36 {[%mdl 2048] Black is really pushing.} 20. Qb1 Nb3 21. Rc3 {[#] Black must now prevent Rxd5!} Nxc5 22. Nxc5 Rxc5 23. Rxc5 Qxc5 24. Rc1 Qa7 25. Bd4 Qb7 (25... Qa8 {feels hotter.} 26. Qb6 Bxa3 27. Ra1 Rb8 28. Qc7 Rc8) 26. Qxb7 Bxb7 27. Rc7 Bxf3 28. gxf3 Bxa3 29. Bxa6 Nd5 30. Ra7 Bf8 31. f4 g6 32. Bc4 Nb4 33. Rb7 Nc6 34. Bf6 Be7 35. Bb2 $2 {[%mdl 8192]} (35. Bxe7 $11 Nxe7 36. Bb5) 35... f5 $2 ({Better is} 35... Na5 $19 36. Rc7 Bd6) 36. Bb5 {Hoping for Bxc6.} (36. Rxd7 $5 Kf7 37. Rc7 $16) 36... Kf7 37. Bxc6 dxc6 $11 {[%mdl 4096] Endgame KRB-KRB} 38. Ba3 Re8 39. Rc7 Kf8 40. Bxe7+ Rxe7 41. Rxc6 {KR-KR} Kf7 42. Kg2 h6 43. Rc5 Kf6 44. Kf3 g5 45. fxg5+ hxg5 46. Rc8 g4+ 47. Kg3 Rh7 48. Rf8+ Ke5 49. Rg8 Rh3+ 50. Kg2 Rh7 51. Rg6 Rf7 52. Rg8 Rh7 53. Ra8 Kf6 54. Ra5 Rh6 55. Ra6 Rh5 56. Ra4 Rh6 57. Rf4 Rh5 58. e4 $2 {[%mdl 8192] [#]} (58. Ra4 $11) 58... e5 $2 (58... Kg5 {mates} 59. Rf3 gxf3+ 60. Kxf3 Rxh2 61. exf5 exf5 62. Ke3 Kg4 63. f3+ Kg3 64. f4 Rh3 65. Kd3 Kxf4+ 66. Kd4 Kg3 67. Ke5 f4 68. Kd6 f3 69. Ke5 f2 70. Ke6 f1=Q 71. Kd5 Qb5+ 72. Kd6 Qc4 73. Ke7 Rh6 74. Ke8 Rh7 75. Kf8 Qf7#) 59. Rxf5+ {The position is equal.} Rxf5 60. exf5 Kxf5 {KPP-KPP} 61. Kg3 Kg5 62. h3 gxh3 63. Kxh3 Kf4 {( -> ...Kf3)} 64. Kg2 e4 65. Kf1 Kf3 66. Ke1 e3 67. fxe3 Kxe3 {Accuracy: White = 81%, Black = 83%.} 1/2-1/2